| 000 | 00733nam a2200217 a 4500 | ||
|---|---|---|---|
| 001 | 000004194 | ||
| 005 | 20240412074202.0 | ||
| 008 | 090720s2006 dr 001 p spa d | ||
| 020 | _a0977882217 | ||
| 040 |
_aDO-SdBNP _bspa _cBNPHU |
||
| 082 |
_aRD861.44 _bT588v |
||
| 100 | 1 |
_aTineo Rodríguez, Juan Nicolás, _d1965- _96464 |
|
| 245 | 1 | 0 |
_aVersos en cautiverio / _cJuan Nicolás Tineo Rodríguez ; prólogo Emmanuel Rodríguez. |
| 260 |
_aSanto Domingo : _bBúho, _c2006. |
||
| 300 |
_a54 p. ; _c21 cm. |
||
| 590 | _aInventariado, 2019/LP | ||
| 650 | 0 |
_aPoesía dominicana _966 |
|
| 650 | 0 |
_aLiteratura dominicana. _967 |
|
| 700 | 1 |
_aRodríguez, Emmanuel A., _d1963- _epról. _946435 |
|
| 910 | _aValidado. Control de calidad MMOLINA | ||
| 999 |
_c4009 _d4009 |
||